00782nam a2200205 a 450000100100000000500170001000800410002704000250006808200150009310000340010824500440014226000700018630000200025649000550027650000430033183000630037404900090043795201130044699900170055900002826520200930031505.0110407s1989 dr 000 | spa d aDO-SdBNPbspacBNPHU axxxbP579s1 aPiña, Jorge,d1959 -92493614aLos sueños del poeta /cJorge Piña. aSanto Domingo :bHermeneias del Psicoanálisis Editorial,c1989. a17 p. ;c21 cm.1 aLiteratura. Lectura escritura y psicoanálisisv2 aIncluye notas al pie de las páginas. 0aLiteratura. Lectura escritura y psicoanálisis;v3955258 aBNPD 0010718PDaPDbPDcCTd2011-04-07iLF1l0oxxx P579sp28265-10r2020-06-25w2020-06-25yLFPDZNo se presta c27757d27757